Les 20 clubs avec le plus de saisons en Ligue 1. - Statistiques

Statistiques générales
  • Ce quiz a été pris 224 fois
  • Le résultat moyen est 17 sur 20
Statistiques - réponses
Saisons Clubs Meilleurs
Classement
% Correct
74 Olympique de Marseille 1er1937-1948-1971-1972-1989-1990-1991-1992-2010
100%
51 Paris SG 1er1986-1994-2013-2014-2015-2016-2018-2019-2020-2022-2023
98%
65 Olympique Lyonnais 1er2002-2003-2004-2005-2006-2007-2008
97%
64 LOSC Lille 1er1946-1954-2011-2021
96%
67 Stade Rennais 3eme2020
96%
65 AS Monaco 1er1961-1963-1978-1982-1988-1997-2000-2017
95%
69 AS Saint Etienne 1er1957-1964-1967-1968-1969-1970-1974-1975-1976-1981
95%
69 Girondins de Bordeaux 1er1950-1984-1985-1987-1999-2009
94%
62 RC Lens 1er1998
94%
42 Montpellier HSC 1er2012
92%
65 OGC Nice 1er1951-1952-1956-1959
91%
56 FC Nantes 1er1965-1966-1973-1977-1980-1983-1995-2001
90%
63 RC Strasbourg 1er1979
87%
34 Toulouse FC 3eme1987-2007
85%
39 Stade de Reims 1er1949-1953-1955-1958-1960-1962
81%
33 AJ Auxerre 1er1996
77%
64 FC Metz 2eme1998
74%
66 FC Sochaux 1er1935-1938
73%
34 SC Bastia 3eme 1977
55%
36 Nimes Olympique 2eme1958-1959-1960-1972
46%
Aucun quiz correspondant
Distribution des résultats
% des personnes avec chaque résultat
Percentile par nombre de réponses
Votre historique - résultats
Vous n’avez pas pris ce quiz